|
|
|
|
| LEADER |
00000nam0a2200000 4500 |
| 001 |
265132 |
| 005 |
20231101233907.0 |
| 035 |
|
|
|a (RuTPU)RU\TPU\book\288133
|
| 090 |
|
|
|a 265132
|
| 100 |
|
|
|a 20140625d1963 k y0rusy50 ca
|
| 101 |
1 |
|
|a rus
|c eng
|
| 102 |
|
|
|a RU
|
| 105 |
|
|
|a a z 001zy
|
| 200 |
1 |
|
|a Теория подвижности электронов в твердых телах
|e пер. с англ.
|f Ф. Дж. Блатт
|
| 210 |
|
|
|a Москва
|c Физматлит
|d 1963
|
| 215 |
|
|
|a 224 с.
|c ил.
|
| 320 |
|
|
|a Библиогр.: с. 198-209
|
| 606 |
1 |
|
|a Твердые тела
|x Электронная проводимость
|2 stltpush
|3 (RuTPU)RU\TPU\subj\58711
|9 76469
|
| 606 |
1 |
|
|a Твердые тела
|x Электронная проводимость
|2 stltpush
|3 (RuTPU)RU\TPU\subj\58711
|9 76469
|
| 610 |
1 |
|
|a свободные электроны
|
| 610 |
1 |
|
|a статистика
|
| 610 |
1 |
|
|a уравнение Больцмана
|
| 610 |
1 |
|
|a решение
|
| 610 |
1 |
|
|a рассеяние
|
| 610 |
1 |
|
|a механизмы
|
| 610 |
1 |
|
|a тепловое равновесие
|
| 675 |
|
|
|a 539.2:530.145
|v 4
|
| 700 |
|
1 |
|a Блатт
|b Ф. Дж.
|g Фрэнк Дж.
|
| 801 |
|
1 |
|a RU
|b 63413507
|c 20140625
|
| 801 |
|
2 |
|a RU
|b 63413507
|c 20210603
|g RCR
|
| 942 |
|
|
|c BK
|